| 000 | 00949nam a2200277 a 4500 | ||
|---|---|---|---|
| 001 | BRCA_2976 | ||
| 005 | 20190320204043.0 | ||
| 008 | 181208s1915----u--a######---#000-0#eng-u | ||
| 041 | _aeng | ||
| 044 | _au | ||
| 050 | 4 |
_aNK4320 _b.B37 1 _c1915 |
|
| 100 | 1 |
_aBarber, Edwin Atlee _d1851-1916 _97296 |
|
| 245 | 1 | 0 |
_aMexican Maiolica in the Collection of the Hispanic Society of America _cby Edwin Atlee Barber. |
| 260 |
_aFiladelfia _bThe Hispanic Society of America _c1915 |
||
| 300 |
_a60 p. _bil. (algunas a color) _c21 cm. |
||
| 440 | 0 |
_aPublications of the Hispanic Society of America _v92 _98251 |
|
| 500 | _aEstado físico: Encuadernación desprendida | ||
| 500 | _aEjemplar igual a A119 y al No. 92 de U72 | ||
| 500 | _aA104 | ||
| 650 | 1 | 4 |
_aCerámica mexicana _98252 |
| 650 | 1 | 4 |
_aMayólica _97298 |
| 650 | 1 | 4 |
_aGalerías y museos _zEstados Unidos _97437 |
| 710 | 2 |
_aHispanic Society of America _98253 |
|
| 902 | _aGFM | ||
| 942 |
_2lcc _cB |
||
| 999 |
_c2715 _d2715 |
||